<?xml version="1.0" encoding="UTF-8"?><?xml-stylesheet type="text/xsl" href="static/style.xsl"?><OAI-PMH xmlns="http://www.openarchives.org/OAI/2.0/" xmlns:xsi="http://www.w3.org/2001/XMLSchema-instance" xsi:schemaLocation="http://www.openarchives.org/OAI/2.0/ http://www.openarchives.org/OAI/2.0/OAI-PMH.xsd"><responseDate>2026-06-01T19:26:53Z</responseDate><request verb="GetRecord" identifier="oai:riuma.uma.es:10630/15847" metadataPrefix="marc">https://riuma.uma.es/rest/oai/request</request><GetRecord><record><header><identifier>oai:riuma.uma.es:10630/15847</identifier><datestamp>2026-02-03T12:08:22Z</datestamp><setSpec>com_10630_2254</setSpec><setSpec>col_10630_37959</setSpec></header><metadata><record xmlns="http://www.loc.gov/MARC21/slim" xmlns:dcterms="http://purl.org/dc/terms/" xmlns:doc="http://www.lyncode.com/xoai" xmlns:xsi="http://www.w3.org/2001/XMLSchema-instance" xsi:schemaLocation="http://www.loc.gov/MARC21/slim http://www.loc.gov/standards/marcxml/schema/MARC21slim.xsd">
   <leader>00925njm 22002777a 4500</leader>
   <datafield ind2=" " ind1=" " tag="042">
      <subfield code="a">dc</subfield>
   </datafield>
   <datafield ind2=" " ind1=" " tag="720">
      <subfield code="a">Linde-Valenzuela, Teresa Loreto</subfield>
      <subfield code="e">author</subfield>
   </datafield>
   <datafield ind2=" " ind1=" " tag="720">
      <subfield code="a">Luque-Guerrero, Cristina Raquel</subfield>
      <subfield code="e">author</subfield>
   </datafield>
   <datafield ind2=" " ind1=" " tag="260">
      <subfield code="c">2018-05-29</subfield>
   </datafield>
   <datafield ind2=" " ind1=" " tag="520">
      <subfield code="a">En la titulación de Grado en Educación Social, adquirir competencias digitales dirigidas al uso de las tecnologías para el empoderamiento y la participación social, es fundamental para el desempeño profesional. Desde esta perspectiva nos planteamos: ¿Cómo generar conocimiento colectivo en clase para el desarrollo de las competencias en este sentido? ¿Es posible favorecer la motivación y el compromiso del alumnado hacia su aprendizaje a través de las tecnologías para elegir la temática de mayor interés y enfocarla a la intervención?&#xd;
El Espacio Europeo de Educación Superior, EEES; insta a aprender y generar oportunidades a través de las tecnologías para evitar la infoexclusión, por medio de iniciativas e-inclusivas como vía para superar la pobreza. Desde este estos principios se plantea una investigación-acción en la asignatura optativa “Educación audiovisual y alfabetización digital”, de 4º curso de Grado en Educación Social (Facultad de Educación, Universidad de Málaga); con 21 estudiantes. A través del trabajo colaborativo se crean de espacios de aprendizaje colectivo -usando el etiquetado social con anotaciones multimedia sobre materiales didácticos abiertos y otros recursos generados en el aula-, obteniendo 118 etiquetas sobre el tema de investigación elegido por el grupo, el patriarcado, distribuidas en tres categorías: a) conceptos, con 45 etiquetas; b) violencias, con 45 etiquetas y c) feminismos, con 28. Los resultados de implementar esta metodología como innovación pedagógica y el análisis de contenido de las etiquetas, evidencian la motivación del alumnado hacia el aprendizaje y el grado de satisfacción con el desarrollo de la materia y las herramientas utilizadas; así como, el compromiso hacia el aspecto ético del uso de las tecnologías para promover iniciativas orientadas al empoderamiento y la participación de la ciudadanía en su entorno.</subfield>
   </datafield>
   <datafield ind1="8" ind2=" " tag="024">
      <subfield code="a">https://hdl.handle.net/10630/15847</subfield>
   </datafield>
   <datafield tag="653" ind2=" " ind1=" ">
      <subfield code="a">Tecnología educativa</subfield>
   </datafield>
   <datafield tag="653" ind2=" " ind1=" ">
      <subfield code="a">Educación - Innovaciones</subfield>
   </datafield>
   <datafield ind2="0" ind1="0" tag="245">
      <subfield code="a">Conocimiento colectivo a través de la investigación-acción en el diseño de proyectos de innovación social</subfield>
   </datafield>
</record>
</metadata></record></GetRecord></OAI-PMH>